The terminology of the Ottoman-Turkish judicial documents on the basis of the sources from Hungary

Elmentve itt :
Bibliográfiai részletek
Szerző: Hegyi Klára
Dokumentumtípus: Cikk
Megjelent: 1965
Sorozat:Acta Orientalia Academiae Scientiarum Hungaricae
Kulcsszavak:Oszmán-török nyelvemlék
Tárgyszavak:
Online Access:http://misc.bibl.u-szeged.hu/62677
LEADER 00827nab a2200241 i 4500
001 misc62677
005 20230120125206.0
008 220413s1965 hu o 0|| eng d
040 |a SZTE Miscellanea Repozitórium  |b hun 
041 |a eng 
041 |a tur 
041 |a ara 
100 1 |a Hegyi Klára 
245 1 4 |a The terminology of the Ottoman-Turkish judicial documents on the basis of the sources from Hungary  |h [elektronikus dokumentum] /  |c  Hegyi Klára 
260 |c 1965 
300 |a 191-203  |c 24 cm 
490 0 |a Acta Orientalia Academiae Scientiarum Hungaricae 
561 |a Németh Gyula hagyaték 
591 |a NOA 2280 
650 4 |a Bölcsészettudományok 
650 4 |a Nyelvek és irodalom 
695 |a Oszmán-török nyelvemlék 
856 4 0 |u http://misc.bibl.u-szeged.hu/62677/1/2280_noa_h53.pdf  |z Dokumentum-elérés